| 000 | 00700nam a22001697a 4500 | ||
|---|---|---|---|
| 008 | 210611b |||||||| |||| 00| 0 eng d | ||
| 020 | _a9789914400687 | ||
| 050 |
_aHD 57.7 _b.M85 2021 |
||
| 100 | _aMulwa Francis Wambua | ||
| 245 |
_aThe audacity in growing conscientious leader: _b the role of frontline teams as vision bearers lead from the back/ |
||
| 260 |
_aGenever, Switzerland : _bGlobethics Publishers, _c©2021 |
||
| 300 |
_axviii, 262p. : _bill. ; _c21cm. |
||
| 504 | _aInclude Bibliography Ref. | ||
| 650 |
_aDevolving Leadership _xnew generation |
||
| 650 |
_aLeadership _xFounder lead from the back _vRole of Frontline team |
||
| 942 |
_2lcc _cBOOKS _hHD 57.7 .M85 2021 |
||
| 999 |
_c30975 _d30975 |
||